|
|
|
|
| LEADER |
01634nam a2200337 a 4500 |
| 001 |
16990197 |
| 008 |
121010s2012 nyuab b 001 0 eng d |
| 010 |
|
|
|a 2011040104
|
| 020 |
|
|
|a 9780230117853 (hardcover)
|
| 020 |
|
|
|a 9780230117860 (paperback)
|
| 040 |
|
|
|a DLC
|c DLC
|d BD-DhAAL
|
| 082 |
0 |
0 |
|a 307.209172/4
|2 23
|
| 100 |
1 |
|
|a Bennett, Olivia,
|d 1950-
|
| 245 |
1 |
0 |
|a Displaced :
|b the human cost of development and resettlement /
|c Olivia Bennett and Christopher McDowell.
|
| 260 |
|
|
|a New York :
|b Palgrave Macmillan,
|c 2012.
|
| 300 |
|
|
|a xiii, 231 p. :
|b ill., maps
|c 25 cm.
|
| 490 |
0 |
|
|a Palgrave studies in oral history
|
| 504 |
|
|
|a Includes bibliographical references (p. [227]-228) and index.
|
| 541 |
1 |
|
|e 00026035
|
| 650 |
|
0 |
|a Economic development projects
|z Developing countries.
|
| 650 |
|
0 |
|a Forced migration
|z Developing countries.
|
| 650 |
|
0 |
|a Land settlement
|z Developing countries.
|
| 650 |
|
7 |
|a HISTORY / Modern / 20th Century.
|2 bisacsh
|
| 650 |
|
7 |
|a HISTORY / Social History.
|2 bisacsh
|
| 650 |
|
7 |
|a POLITICAL SCIENCE / Political Freedom & Security / Human Rights.
|2 bisacsh
|
| 650 |
|
7 |
|a SOCIAL SCIENCE / Anthropology / Cultural.
|2 bisacsh
|
| 700 |
1 |
|
|a McDowell, Chris.
|
| 852 |
1 |
|
|a Ayesha Abed Library
|j General shelf
|
| 999 |
|
|
|c 12913
|d 12913
|
| 952 |
|
|
|0 0
|1 0
|4 0
|6 307_209172400000000_BEN
|7 0
|9 21309
|a BRACUL
|b BRACUL
|c GEN
|d 2012-10-10
|e Trim Education
|g 3150.00
|l 0
|o 307.2091724 BEN
|p 3010026035
|r 2012-10-11
|t 1
|w 2012-10-10
|y BK
|
| 952 |
|
|
|0 0
|1 0
|4 0
|6 307_209172400000000_BEN
|7 0
|9 21310
|a BRACUL
|b BRACUL
|c GEN
|d 2012-10-10
|e Trim Education
|g 3150.00
|l 1
|m 2
|o 307.2091724 BEN
|p 3010026036
|r 2012-11-15
|s 2012-11-06
|t 2
|w 2012-10-10
|y BK
|